000 00648cab a2200253 4500
001 X98895
008 090401t1999 xxu||||| |||| 00| 0 eng d
035 _a(Sirsi) u93641
041 _aeng
245 _aAssured tenancy
260 _c1999
350 _a0
490 _aEstates Gazette
_v[1999] EGCS 72 (22/05/99)
650 _aDEFAULTERS
650 _aDREW-MORGAN V HAMID-ZADEH
650 _aHOUSING ACT 1988
650 _aLANDLORD AND TENANT ACT 1987 S48
650 _aNOTICES
650 _aRENT
650 _aSERVICE CHARGES
690 _aLANDLORD AND TENANT-CASE LAW-RESIDENTIAL TENANCIES
942 _n0
948 _c28/05/1999
999 _c59350
_d59350